The reactive : a novel /

The story of Lindanathi, a young HIV man grappling with the death of his brother, for which he feels unduly responsible. He and his friends Cecelia and Ruan work low-paying jobs and sell anti-retroviral drugs (during the period in South Africa before ARVs became broadly distributed). In between, the...

Full description

Bibliographic Details
Main Author: Ntshanga, Masande, 1986- (Author)
Format: Book
Language:English
Published: Columbus, Ohio : Two Dollar Radio, [2016]
Subjects:

MARC

Tag First Indicator Second Indicator Subfields
LEADER 00000cam a2200000Ii 4500
001 in00003769813
005 20170927140522.0
008 160524t20162016ohu 000 f eng
010 |a  2015414421 
020 |a 9781937512439  |q (pbk.) 
020 |a 1937512436  |q (pbk.) 
035 |a (OCoLC)ocn950469239 
040 |a JAI  |e rda  |c JAI  |d YDX  |d CDX  |d BWK  |d BDX  |d XYZ  |d ABG  |d IMD  |d UAB  |d UtOrBLW 
043 |a f-sa--- 
049 |a TXAM 
050 4 |a PR9369.4.N76  |b R43 2016 
082 0 |a 823/.92  |2 23 
100 1 |a Ntshanga, Masande,  |d 1986-  |e author.  |0 http://id.loc.gov/authorities/names/n2015036846 
245 1 4 |a The reactive :  |b a novel /  |c by Masande Ntshanga. 
264 1 |a Columbus, Ohio :  |b Two Dollar Radio,  |c [2016] 
264 4 |c ©2016 
300 |a 161 pages ;  |c 20 cm. 
336 |a text  |b txt  |2 rdacontent 
337 |a unmediated  |b n  |2 rdamedia 
338 |a volume  |b nc  |2 rdacarrier 
520 |a The story of Lindanathi, a young HIV man grappling with the death of his brother, for which he feels unduly responsible. He and his friends Cecelia and Ruan work low-paying jobs and sell anti-retroviral drugs (during the period in South Africa before ARVs became broadly distributed). In between, they huff glue, drift through parties and traverse the streets of Cape Town where they observe the grave material disparities of their country. 
650 0 |a Drug abuse  |v Fiction.  |0 http://id.loc.gov/authorities/subjects/sh2008102435 
650 0 |a HIV-positive persons  |v Fiction. 
650 0 |a Young adults  |z South Africa  |v Fiction. 
651 0 |a Cape Town (South Africa)  |v Fiction.  |0 http://id.loc.gov/authorities/subjects/sh2009120343 
650 7 |a FICTION / Literary.  |2 bisacsh 
945 |b 686752 
947 |a A14843418709 
948 |a cataloged  |b h  |c 2016/7/14  |d c  |e dmitchel  |f 1:10:20 pm 
994 |a 92  |b TXA 
999 f f |s 2d7e7467-dd14-3b27-9749-f386648aa215  |i dd74fa0e-b0b3-311c-aade-98242e8b7a58  |t 0 
952 f f |p normal  |a Texas A&M University  |b College Station  |c Sterling C. Evans Library  |d Evans: Library Stacks  |t 0  |e PR9369.4.N76 R43 2016  |h Library of Congress classification  |i unmediated -- volume  |m A14843418709 
998 f f |a PR9369.4.N76 R43 2016  |t 0  |l Evans: Library Stacks